| 000 | 00752nam a2200205 i 4500 | ||
|---|---|---|---|
| 001 | 162499 | ||
| 003 | ES-MaACL | ||
| 005 | 20250725062545.0 | ||
| 008 | 041117s1847 fr a |||| | fre d | ||
| 040 |
_aCAM _bspa _cCAM |
||
| 100 | 1 |
_aPouillet, Claude Servais Mathias. _9131319 |
|
| 245 | 1 | 0 |
_aÉlements de physique expérimentale et de météorologie / _cpar M. Pouillet. |
| 250 | _a5e. éd. | ||
| 260 |
_aParis : _bBéchet Jeune, libraire-éditeur, _c1847 ( _fTypographie de Firmin Didot Frères) |
||
| 300 |
_a2 v. (VII, 23 h. de lám. pleg., 876 p.; 836 p., 40 h. de lám. pleg.) ; _c22 cm. |
||
| 650 | 7 |
_aFísica _2embne _912877 |
|
| 650 | 4 |
_aMetereología. _915019 |
|
| 852 |
_aES-MaACL _jG-8157-58 _z-- Enc. hol. |
||
| 999 |
_c162499 _d162499 |
||